• 首页
  • 本馆介绍
  • 公告通知
  • 最新文献
  • 馆藏检索
  • 电子资源
  • 读者导购
  • 参考咨询
  • 我的图书馆
  • 登录
  • 详细信息显示
  • 放入我的书架
  • 预约/预借图书
  • 作者相关作品
  • 分类相关作品
  • 丛书相关作品
  • 出版社相关作品

书目信息

  • 表格格式
  • 工作单格式
  • 卡片格式
题名:
父母是孩子最好的营养师
    
 
作者: 郭莹莹 著
分册:  
出版信息: 北京   文化艺术出版社  2009
页数: 266页
开本: 24cm
丛书名:
单 册:
中图分类: R153.2
科图分类:
主题词: 儿童营养--基本知识 , 儿童营养
电子资源:
ISBN: 978-7-5039-3930-3
000 00864nam0 2200253 45
001 1050724422
005 20100420093232.01
010    @a978-7-5039-3930-3@dCNY28.00
100    @a20100408d2009 em y0chiy50 ea
101 0  @achi
102    @aCN@b110000
105    @ay z 000yy
106    @ar
200 1  @a父母是孩子最好的营养师@AFu Mu Shi Hai Zi Zui Hao De Ying Yang Shi@f郭莹莹著@FGuo Ying Ying Zhu
210    @a北京@c文化艺术出版社@d2009
215    @a266页@d24cm
300    @a《家有儿女》营养饮食版 时尚育儿系列
330    @a这是一本为孩子饮食问题烦恼的故事集,作者在讲述一些妙趣横生的家庭案例的同时,让读者在会心一笑当中掌握一个个巧治孩子不良饮食习惯的妙方。
606 0  @a儿童营养@x基本知识
606 0  @a儿童营养
690    @aR153.2@v4
701  0 @a郭莹莹@AGuo Ying Ying@4著
801  0 @aCN@bTANGWEI@c20100420
905    @b0589904-08@dR153.2@e91@f5
    
    父母是孩子最好的营养师/郭莹莹著.-北京:文化艺术出版社,2009
    266页;24cm
    《家有儿女》营养饮食版 时尚育儿系列
    
    ISBN 978-7-5039-3930-3:CNY28.00
    这是一本为孩子饮食问题烦恼的故事集,作者在讲述一些妙趣横生的家庭案例的同时,让读者在会心一笑当中掌握一个个巧治孩子不良饮食习惯的妙方。
●
相关链接 在E读中查询图书 在五车中查询图书 在当当中查询图书 在豆瓣中查询图书


正题名:父母是孩子最好的营养师     索取号:R153.2/91         预约/预借

序号 登录号 条形码 馆藏地/架位号 状态 备注
1 0589904   205899045   第二样本阅览室/ [索取号:R153.2/91] 在馆    
2 0589905   205899054   第三借阅区/ [索取号:R153.2/91] 在馆    
3 0589906   205899063   教育系资料室/ [索取号:R153.2/91] 在馆    
4 0589907   205899072   教育系资料室/ [索取号:R153.2/91] 在馆    
5 0589908   205899081   第三借阅区/ [索取号:R153.2/91] 在馆    
唐山师范学院图书馆 欢迎您!
大连网信软件有限公司© 版权所有